El libro del Microsoft Works
Guardat en:
| Autor principal: | |
|---|---|
| Format: | Llibre |
| Idioma: | espanyol |
| Publicat: |
Madrid
Anaya Multimedia
1992
|
| Col·lecció: | Anaya Multimedia. Microsoft
|
| Matèries: | |
| Etiquetes: |
Afegir etiqueta
Sense etiquetes, Sigues el primer a etiquetar aquest registre!
|
MARC
| LEADER | 00000nam a2200000 a 4500 | ||
|---|---|---|---|
| 001 | UCW7290 | ||
| 003 | CL-VaPUC | ||
| 008 | 921022e19920000SP |||||||||||||||||spa|d | ||
| 082 | 0 | 4 | |a 005.369 |b RUB |2 21 |
| 100 | 0 | |a Rubin, Charles |e author |9 312434 | |
| 245 | 1 | 3 | |a El libro del Microsoft Works |
| 300 | |a 415 p | ||
| 942 | |c BK | ||
| 945 | |d 19921022 00:00:00 | ||
| 260 | |a Madrid |b Anaya Multimedia |c 1992 | ||
| 650 | 0 | |a Microsoft Works |x Programas para computador |9 312435 | |
| 650 | 7 | |a MS-DOS SISTEMA OPERATIVO PARA COMPUTADOR |2 CL-VaPUC |9 271695 | |
| 583 | |a last modification |c 19921022 00:00:00 |k Rodrigo Vera | ||
| 490 | 0 | |a Anaya Multimedia. Microsoft | |
| 999 | |c 220093 |d 220091 | ||
| 952 | |0 0 |1 0 |4 0 |6 005_369000000000000_RUB_1992 |7 0 |8 P |9 211878 |a BIBEDU |b BIBEDU |c BIBEDU_PB |d 2019-11-15 |i 2801159 |o 005.369 RUB 1992 |p 2801159 |r 2024-01-25 |w 2019-11-15 |y BK |k EDU | ||